00818nam a22002417a 4500999001500000001000600015003000900021005001700030008004100047020001500088040002800103082001900131245008500150250002000235260003800255300003200293504004100325650002500366651004100391700001600432942001200448952011600460 c3706d370618517BD-DhUAP20200311112609.0200311s2003 nyu b 001 0 eng  a0393979695 aDLCcDLCdBD-DhUAPbEng00223a810.8 NOR 04aThe Norton anthology of American literature /cedited by Nina Baym ... [et al.]. aShorter 6th ed. aNew York :bW.W. Norton, cc2003. axxxii, 2930 pages ;c23 cm. aIncludes bibliographies and indexes. 0aAmerican literature. 0aUnited StatesxLiterary collections.1 aBaym, Nina. 2ddccBK 00102ddc4070aUAPCLbUAPCLcGeneral Stacksd2020-03-11o810.8 NORp3010018517r2020-03-11t1w2020-03-11yBK